000 00518nam a2200205 a 4500
001 BRCA_3600
005 20190320204341.0
008 110809s1961----nyu#---###---#000-0#eng-#
041 _aeng
044 _anyu
050 4 _aPZ3
_b.S74 1961
100 1 _aSteinbeck, John
_99346
245 1 0 _aThe winter of our discontent
_cJohn Steinbeck.
260 _aNew York
_bViking
_c1961
300 _a311 p.
_c22 cm.
500 _aB269
650 1 4 _aLiteratura estadounidense
_vNovela
_99347
902 _aGFM
942 _2lcc
_cB
999 _c3335
_d3335